| 000 | 01015cam a2200277 a 4500 | ||
|---|---|---|---|
| 001 | s 47000077 | ||
| 003 | DLC | ||
| 005 | 20260227111912.0 | ||
| 008 | 840803s1947 sw abf b 00010 eng | ||
| 010 | _as 47000077 //r89 | ||
| 040 | _dOCoLC | ||
| 043 | _ancpn--- | ||
| 050 | 0 |
_aGN2 _b.G6 vol. 15 _aF1565.2.C8 |
|
| 082 | 0 |
_a306 s _a306/.08997 _219 |
|
| 100 | 1 | 0 |
_aMcKim, Fred, _d1883-1946. |
| 240 | 1 | 0 | _aSan Blas |
| 245 | 1 | 0 |
_aSan Blas : _ban account of the Cuna Indians of Panama ; The forbidden land : reconnaissance of upper Bayano River, R.P., in 1936 : two posthumous works / _cFred McKim ; edited by Henry Wassén. |
| 260 | 0 |
_aGöteborg : _bEtnografiska Museet, _c1947. |
|
| 300 |
_a185 p., [1] leaf of plates (folded) : _bill., map ; _c24 cm. |
||
| 490 | 1 |
_aEtnologiska studier ; _v15 |
|
| 504 | _aIncludes bibliographical references. | ||
| 650 | 0 | _aCuna Indians. | |
| 700 | 1 | 1 |
_aMcKim, Fred, _d1883-1946. _tForbidden Land. |
| 700 | 1 | 0 |
_aWassén, Henry, _d1908- |
| 830 | 0 |
_aEtnologiska studier ; _vv. 15. |
|
| 999 |
_c52783 _d52783 |
||